| 000 | 00698nam a2200181Ia 4500 | ||
|---|---|---|---|
| 008 | 100921s9999 xx 000 0 und d | ||
| 082 |
_b33906 _a891.463 न 01 |
||
| 100 | _aहरकारे अरूण. | ||
| 245 | _aकशाला उद्याची बात. | ||
| 260 |
_bसुकृत प्रकाशन, सांगली,पुणे. _c2001 |
||
| 300 |
_a208 _bजयेश एजन्सी,पुणे. |
||
| 365 | _b155 | ||
| 520 | _aललित-कादंबरी. | ||
| 630 | _aकशाला उद्याची बात. | ||
| 650 | _aललित-कादंबरी. | ||
| 730 | _aकशाला उद्याची बात. | ||
| 942 | _cBOOK | ||
| 999 |
_c783019 _d783016 |
||